000 00681nam a2200277Ia 4500
005 20260324133632.0
008 008 260324s9999 xx 000 0 eng d
020 _a9780203486795
037 _aEBOOK
040 _aCRL
040 _beng
040 _cCRL
041 _2eng
041 _aeng
084 _qCRL
100 _aKeith W. Reynard
_91193821
245 0 _aDirectory of Museums, Galleries and Buildings of Historic Interest in the UK
260 _bTaylor and Francis
260 _c2003
365 _a
365 _b115
856 _uhttp://www.taylorfrancis.com/books/9780203486795
942 _cEBOOK
999 _c1793080
_d1793080